| 000 | 00457nam a2200169 i 4500 | ||
|---|---|---|---|
| 001 | 101371 | ||
| 003 | ES-MaACL | ||
| 005 | 20230906182902.0 | ||
| 007 | t| | ||
| 008 | 051018s1914 fr ||||1| fre d | ||
| 100 | 1 |
_aMaurras, Charles. _979271 |
|
| 245 | 1 | 3 |
_aLa politique religieuse / _cCharles Maurras. |
| 250 | _a3ยช ed. | ||
| 260 |
_aParis : _b[s.n.], _c1914 ( _fImp. Charles Colin) |
||
| 300 |
_aLXI, 427 p. ; _c19 cm. |
||
| 852 |
_aES-MaACL _jF-10949 |
||
| 999 |
_c101371 _d101371 |
||